| 000 | 02414nam a2200337 a 4500 | ||
|---|---|---|---|
| 001 | BRCA_3059 | ||
| 005 | 20190320204106.0 | ||
| 008 | 260109s1799----fr-a---###---#000-0#fre-u | ||
| 041 | _afre | ||
| 044 | _afr | ||
| 084 |
_a365 _b.D48 _c1799 |
||
| 100 | 1 |
_aCervantes Saavedra, Miguel de _c1547-1616 _9213 |
|
| 245 | 1 | 0 |
_aDon Quichotte de la Manche _cMiguel de Cervantes Saavedra. |
| 250 | _a1 | ||
| 260 |
_aParís _bDeterville _c1799 |
||
| 300 |
_a3 v. _bil. _c25 cm. |
||
| 500 | _aContenido : v 1. Primera parte. Advertencia del traductor. Prólogo de Cervantes. Texto. -- v 2. Texto. Segunda parte. Prefacio del traductor. Prólogo de Cervantes. Texto. -- v 3. Texto | ||
| 500 | _aEdición : Traduit de l´Espagnol de Michel de Cervantes par Florian. Ouvrage posthume | ||
| 500 | _aPrimera edición de la traducción de Florian. Suprimiendo muchos pasajes y abreviando otros redujo Florian el texto cervantino a 50 capítulos la primera parte, y a 54 la segunda. Tal atrevimiento censura con razón L. Viardot y otros amantes de la magna novela. Entre las supresiones más importates se cuenta: parte del episodio del Gobierno de Sancho Panza; el duelo del lacayo Tosilos con D. Quijote; la aventura de la hija de Don Diego de la Llana, y otras. Y es aún más lamentable esta abreviación sin ton ni son del escritor francés, porque su traducciónn de la novela sirvió después de base a sinnúmero de traducciones a lenguas de otros países, cuyos lectores, debido a ello, todavía hasta los tiempos modernos, no han podido formarse una idea clara de la obra cervantina. La parte tipográfica es muy buena, ya que está impresa con tipos claros y sobre papel superior. Va adornada con dibujos de Lefèvre y Lebarbier, finamente grabados en acero por B. Halbou, C. S. Gaucher, y otros. Piel; lomos adornados con filetes dorados; cortes dorados también Lúdovik Osterc | ||
| 500 | _aCon ex-libris : Gautier et Comp. à Moscou | ||
| 500 | _aQM287 | ||
| 546 | _aTexto en : francés | ||
| 650 | 1 | 4 |
_aNovela española _yÉpoca clásica, 1500-1700 _9215 |
| 650 | 1 | 4 |
_aLiteratura española _yÉpoca clásica, 1500-1700 _9216 |
| 650 | 1 | 4 |
_aNovela española _ySiglo XVII _9217 |
| 650 | 1 | 4 |
_aDon Quijote (Personaje ficticio) _eNovela _9218 |
| 700 | 1 |
_aFlorian, Jean-Pierre Claris de _d1755-1794 _eTraductor _98380 |
|
| 740 | 0 | _aEl Ingenioso Hidalgo Don Quijote de la Mancha | |
| 902 | _aQFM | ||
| 942 |
_2lcc _cB |
||
| 999 |
_c2795 _d2795 |
||